Propagation of radiowaves (Record no. 77096)

MARC details
000 -LEADER
fixed length control field 00954nam a2200205 a 4500
008 - FIXED-LENGTH DATA ELEMENTS--GENERAL INFORMATION
fixed length control field 120416s1996 ||||||||||||||||| || u
020 ## - INTERNATIONAL STANDARD BOOK NUMBER
International Standard Book Number 0852968191
050 ## - LIBRARY OF CONGRESS CALL NUMBER
Classification number TK 6565.W3 Pro
100 ## - MAIN ENTRY--PERSONAL NAME
Personal name Barclay, L. W
245 10 - TITLE STATEMENT
Title Propagation of radiowaves
Statement of responsibility, etc. edited by M. P. M. Hall
260 ## - PUBLICATION, DISTRIBUTION, ETC.
Place of publication, distribution, etc. London
Name of publisher, distributor, etc. The IEE
Date of publication, distribution, etc. 1996
300 ## - PHYSICAL DESCRIPTION
Extent xvi, 446p. : ill.
350 ## -
-- 0.00
650 ## - SUBJECT ADDED ENTRY--TOPICAL TERM
Topical term or geographic name entry element RADIO
650 ## - SUBJECT ADDED ENTRY--TOPICAL TERM
Topical term or geographic name entry element PROPAGATION OF RADIOWAVES
700 ## - ADDED ENTRY--PERSONAL NAME
Personal name Hewitt, M. T
995 ## -
-- MAIN LIBRARY OPEN ACCESS
-- 0.00
-- 735881
-- CBU-MAIN LIBRARY (Kitwe)
-- 1
-- 25.00
-- TK 6565.W3 Pro
-- 1
-- AVAILABLE
-- May 31, 2006
-- 38711
-- Main Library Open Access Collection
995 ## -
-- ANNEX COLLECTION (Main Library)
-- 0.00
-- 735587
-- CBU-MAIN LIBRARY (Kitwe)
-- 2
-- 25.00
-- TK 6565.W3 Pro
-- 2
-- AVAILABLE
-- 48669
-- Annex Low-Usage Collection
995 ## -
-- MAIN LIBRARY OPEN ACCESS
-- 0.00
-- 735880
-- CBU-MAIN LIBRARY (Kitwe)
-- 3
-- 25.00
-- TK 6565.W3 Pro
-- AVAILABLE
-- 38768
-- Main Library Open Access Collection
999 ## -
-- 77096
-- 77096
Holdings
Withdrawn status Lost status Source of classification or shelving scheme Damaged status Not for loan Permanent Location Current Location Shelving location Date acquired Total Checkouts Full call number Barcode Date last seen Copy number Price effective from Koha item type
          CBU-MAIN LIBRARY, KITWE. CBU-MAIN LIBRARY, KITWE.   04/25/2023   TK 6565.W3 Pro 38711 04/25/2023 1 04/25/2023 MONOGRAPH
          CBU-MAIN LIBRARY, KITWE. CBU-MAIN LIBRARY, KITWE.   04/25/2023   TK 6565.W3 Pro 48669 04/25/2023 2 04/25/2023 MONOGRAPH
          CBU-MAIN LIBRARY, KITWE. CBU-MAIN LIBRARY, KITWE.   04/25/2023   TK 6565.W3 Pro 38768 04/25/2023 3 04/25/2023 MONOGRAPH